000 00576nam a2200205 a 4500
005 20140310183452.0
008 110414s19uu xx 00 eng d
020 _a9780071265942
050 _aHB 171.5
_b.M139 2008
100 _aMcConnell, Campbell R.
245 _aEconomics :
_bprinciples, problems and policies /
_cMcConnell, Campbell R.
250 _a17th
260 _aBoston :
_bMcGrawHill,
_c2008.
300 _a800 p. :
_bcol. ill. ;
_c26 cm.
521 _aBSBA
650 _aEconomics.
700 _aStanley L. Brue
942 _cBK
_2lcc
_kFOR
999 _c23457
_d23457